Central Library and Information Centre
Sibsagar Girls' College, Sivasagar : Assam

PYGMALION (Record no. 132)

MARC details
000 -LEADER
fixed length control field 00363cam a2200181ua 4500
008 - FIXED-LENGTH DATA ELEMENTS--GENERAL INFORMATION
fixed length control field 120728n II |||gr||||Z||||||eng
040 ## - CATALOGING SOURCE
Original cataloging agency MAIN
041 ## - LANGUAGE CODE
-- English
082 ## - DEWEY DECIMAL CLASSIFICATION NUMBER
Classification number 823 SEN
100 ## - MAIN ENTRY--PERSONAL NAME
Personal name SEN.
245 ## - TITLE STATEMENT
Title PYGMALION
260 ## - PUBLICATION, DISTRIBUTION, ETC.
Place of publication, distribution, etc. [s.l]:
Name of publisher, distributor, etc. XXX
300 ## - PHYSICAL DESCRIPTION
Extent 000.:
Dimensions 18CM.
700 ## - ADDED ENTRY--PERSONAL NAME
Personal name DAS.
942 ## - ADDED ENTRY ELEMENTS (KOHA)
Koha item type Books
653 ## - INDEX TERM--UNCONTROLLED
Uncontrolled term English fiction
Holdings
Withdrawn status Lost status Damaged status Not for loan Collection code Home library Current library Shelving location Date acquired Full call number Barcode Date last seen Copy number Price effective from Koha item type
        Fiction Central Library and Information Centre Sibsagar Girls College Central Library and Information Centre Sibsagar Girls College English Rack 19.04.1967 823 SEN 00151 27.02.2020 1 27.02.2020 Books


Sibsagar Girl's College © 2020. All rights reserved.
Powered by Koha.
Maintained by Abhijit Borpuzari.